Pokémon - Les attaques qui n'échouent jamais - Statistiques

Statistiques générales
  • Ce quiz a été pris 74 fois
  • Le résultat moyen est 14 sur 62
Statistiques - réponses
Type de quiz Catégorie Attaque % Correct
Vol Physique Aéropique
91%
Normal Spéciale Météores
63%
Combat Spéciale Aurasphère
53%
Plante Spéciale Feuille Magik
51%
Spectre Physique Poing Ombre
44%
Ténèbres Physique Feinte
42%
Electrik Spéciale Onde de Choc
42%
Vol Statut Anti-Brume
35%
Combat Physique Corps Perdu
33%
Psy Statut Echange
33%
Acier Physique Bombe Aimant
30%
Psy Statut Permuforce
30%
Psy Statut Permugarde
30%
Fée Spéciale Voix Enjôleuse
26%
Acier Physique Estocorne
23%
Normal Statut Flair
23%
Ténèbres Physique Fourbette
23%
Acier Spéciale Lame Tachyonique
23%
Normal Statut Moi d'Abord
23%
Psy Statut Permucoeur
23%
Psy Statut Permuvitesse
23%
Normal Statut Regard Noir
23%
Psy Statut Vibra Soin
23%
Poison Spéciale Bain de Smog
21%
Normal Statut Barrage
21%
Normal Statut Clairvoyance
21%
Normal Statut Copie
21%
Normal Statut Cyclone
21%
Normal Statut Hurlement
21%
Psy Statut Imitation
21%
Normal Statut Lire-Esprit
21%
Psy Statut Œil Miracle
21%
Normal Statut Après Vous
19%
Psy Statut Partage Force
19%
Psy Statut Partage Garde
19%
Normal Statut Passe-Cadeau
19%
Normal Physique Patience
19%
Normal Statut Verrouillage
19%
Normal Spéciale Atout
16%
Normal Statut Camaraderie
16%
Spectre Statut Cauchemar
16%
Normal Statut Confidence
16%
Electrik Statut Electrisation
16%
Plante Statut Habanerage
16%
Plante Physique Magie Florale
16%
Insecte Statut Toile
16%
Normal Statut Bâillement
14%
Normal Statut Boost
14%
Ténèbres Physique Génusection
14%
Psy Statut Lévikinésie
14%
Normal Statut Morphing
14%
Fée Statut Soin Floral
14%
Normal Statut Balance
12%
Eau Statut Fontaine de Vie
12%
Ténèbres Physique Furie Dimension
12%
Normal Physique Lutte
12%
Ténèbres Statut Renversement
12%
Ténèbres Statut Souvenir
12%
Normal Statut Conversion 2
9%
Normal Statut Copie-Type
9%
Normal Statut Gribouille
9%
Psy Spéciale TrouDimensionnel
9%
Aucun quiz correspondant
Distribution des résultats
% des personnes avec chaque résultat
Percentile par nombre de réponses
Votre historique - résultats
Vous n’avez pas pris ce quiz